Gender mainstreaming : (Record no. 164623)

MARC details
000 -LEADER
fixed length control field 00760nam a2200217 4500
005 - DATE AND TIME OF LATEST TRANSACTION
control field 20190523143925.0
010 ## - LCCN (DPL NO)
LC control number ENG-125285
020 ## - INTERNATIONAL STANDARD BOOK NUMBER
Terms of availability 800.00
International Standard Book Number 9788182204973
035 ## - SYSTEM CONTROL NUMBER
System control number EN-108817
037 ## - SOURCE OF ACQUISITION
Source of stock number/acquisition DBAD/PUB
082 ## - DEWEY DECIMAL CLASSIFICATION NUMBER
Classification number 305.309
245 ## - TITLE STATEMENT
Title Gender mainstreaming :
Statement of responsibility, etc ed. by Sarfraz khan, Yasir Saeed [and] Hafeez-ur-Rehman
Remainder of title an analysis of Pakistani society /
260 ## - PUBLICATION, DISTRIBUTION, ETC. (IMPRINT)
Place of publication, distribution, etc New Delhi
Name of publisher, distributor, etc Global Vision Publishing House
Date of publication, distribution, etc 2012
270 ## - ADDRESS
Address 20, Ansari Road
City Daryaganj, New Delhi
Postal code 110002
Telephone number 23261581
Electronic mail address nsingh_2004@vsnl.net
300 ## - PHYSICAL DESCRIPTION
Extent 185p.
Dimensions 22cm(Hb)
500 ## - GENERAL NOTE
General note Includes bibliographical references and index
700 ## - ADDED ENTRY--PERSONAL NAME
Personal name Sarfaraz Khan
700 ## - ADDED ENTRY--PERSONAL NAME
Personal name Yasir Saeed
700 ## - ADDED ENTRY--PERSONAL NAME
Personal name Hafeez-ur-Rehman
942 ## - ADDED ENTRY ELEMENTS (KOHA)
Source of classification or shelving scheme Dewey Decimal Classification
Item type English Books
Classification part 305.309
Call number suffix GEN
Holdings
Withdrawn status Lost status Not for loan Collection code Home library Current library Date acquired Source of acquisition Cost, normal purchase price Full call number Barcode Copy number Cost, replacement price Koha item type
      Non-fiction Central Library Central Library 23/05/2019 DBAD/PUB 800.00 305.309 GEN EN-108817 1 800.00 English Books

© Delhi Public Library
Hit Counter
free hit counter